<?xml version="1.0" encoding="UTF-8"?>
<collection xmlns="http://www.loc.gov/MARC21/slim">
 <record>
  <leader>05625cam a2200781   4500</leader>
  <controlfield tag="001">632832231</controlfield>
  <controlfield tag="003">DE-627</controlfield>
  <controlfield tag="005">20250217020342.0</controlfield>
  <controlfield tag="007">tu</controlfield>
  <controlfield tag="008">100811s2010    gw |||||      00| ||ger c</controlfield>
  <datafield tag="010" ind1=" " ind2=" ">
   <subfield code="a">  2010514835</subfield>
  </datafield>
  <datafield tag="015" ind1=" " ind2=" ">
   <subfield code="a">10,N32</subfield>
   <subfield code="2">dnb</subfield>
  </datafield>
  <datafield tag="016" ind1="7" ind2=" ">
   <subfield code="a">1005277745</subfield>
   <subfield code="2">DE-101</subfield>
  </datafield>
  <datafield tag="020" ind1=" " ind2=" ">
   <subfield code="a">9783884622957</subfield>
   <subfield code="c">GB. : EUR 35.00</subfield>
   <subfield code="9">978-3-88462-295-7</subfield>
  </datafield>
  <datafield tag="035" ind1=" " ind2=" ">
   <subfield code="a">(DE-627)632832231</subfield>
  </datafield>
  <datafield tag="035" ind1=" " ind2=" ">
   <subfield code="a">(DE-576)327442026</subfield>
  </datafield>
  <datafield tag="035" ind1=" " ind2=" ">
   <subfield code="a">(DE-599)DNB1005277745</subfield>
  </datafield>
  <datafield tag="035" ind1=" " ind2=" ">
   <subfield code="a">(OCoLC)654450056</subfield>
  </datafield>
  <datafield tag="035" ind1=" " ind2=" ">
   <subfield code="a">(OCoLC)664125485</subfield>
  </datafield>
  <datafield tag="035" ind1=" " ind2=" ">
   <subfield code="a">(OCoLC)724085818</subfield>
  </datafield>
  <datafield tag="040" ind1=" " ind2=" ">
   <subfield code="a">DE-627</subfield>
   <subfield code="b">ger</subfield>
   <subfield code="c">DE-627</subfield>
   <subfield code="e">rakwb</subfield>
  </datafield>
  <datafield tag="041" ind1=" " ind2=" ">
   <subfield code="a">ger</subfield>
   <subfield code="a">lat</subfield>
  </datafield>
  <datafield tag="044" ind1=" " ind2=" ">
   <subfield code="c">XA-DE-RP</subfield>
  </datafield>
  <datafield tag="050" ind1=" " ind2="0">
   <subfield code="a">SB466.G4</subfield>
  </datafield>
  <datafield tag="082" ind1="0" ind2="4">
   <subfield code="a">720</subfield>
   <subfield code="q">DNB</subfield>
  </datafield>
  <datafield tag="084" ind1=" " ind2=" ">
   <subfield code="a">9,10</subfield>
   <subfield code="2">ssgn</subfield>
  </datafield>
  <datafield tag="084" ind1=" " ind2=" ">
   <subfield code="a">FZ 90000</subfield>
   <subfield code="q">BVB</subfield>
   <subfield code="2">rvk</subfield>
   <subfield code="0">(DE-625)rvk/38009:</subfield>
  </datafield>
  <datafield tag="084" ind1=" " ind2=" ">
   <subfield code="a">LK 16688</subfield>
   <subfield code="q">BVB</subfield>
   <subfield code="2">rvk</subfield>
   <subfield code="0">(DE-625)rvk/97619:13319</subfield>
  </datafield>
  <datafield tag="084" ind1=" " ind2=" ">
   <subfield code="a">42.45</subfield>
   <subfield code="2">bkl</subfield>
  </datafield>
  <datafield tag="084" ind1=" " ind2=" ">
   <subfield code="a">21.74</subfield>
   <subfield code="2">bkl</subfield>
  </datafield>
  <datafield tag="100" ind1="1" ind2=" ">
   <subfield code="a">Elsholtz, Johann Sigismund</subfield>
   <subfield code="d">1623-1688</subfield>
   <subfield code="0">(DE-588)100120849</subfield>
   <subfield code="0">(DE-627)147293952</subfield>
   <subfield code="0">(DE-576)167795708</subfield>
   <subfield code="4">aut</subfield>
  </datafield>
  <datafield tag="245" ind1="1" ind2="0">
   <subfield code="a">Hortus Berolinensis</subfield>
   <subfield code="b">erstes Buch</subfield>
   <subfield code="c">Johann Sigismund Elsholtz. Hrsg. von Felix Mundt und Marcel Humar</subfield>
  </datafield>
  <datafield tag="264" ind1=" " ind2="1">
   <subfield code="a">Worms</subfield>
   <subfield code="b">Wernersche Verl.-Ges.</subfield>
   <subfield code="c">2010</subfield>
  </datafield>
  <datafield tag="300" ind1=" " ind2=" ">
   <subfield code="a">118 S.</subfield>
   <subfield code="b">Ill., Kt.</subfield>
   <subfield code="c">245 mm x 175 mm</subfield>
  </datafield>
  <datafield tag="336" ind1=" " ind2=" ">
   <subfield code="a">Text</subfield>
   <subfield code="b">txt</subfield>
   <subfield code="2">rdacontent</subfield>
  </datafield>
  <datafield tag="337" ind1=" " ind2=" ">
   <subfield code="a">ohne Hilfsmittel zu benutzen</subfield>
   <subfield code="b">n</subfield>
   <subfield code="2">rdamedia</subfield>
  </datafield>
  <datafield tag="338" ind1=" " ind2=" ">
   <subfield code="a">Band</subfield>
   <subfield code="b">nc</subfield>
   <subfield code="2">rdacarrier</subfield>
  </datafield>
  <datafield tag="490" ind1="1" ind2=" ">
   <subfield code="a">Grüne Reihe</subfield>
   <subfield code="v">Bd. 30</subfield>
  </datafield>
  <datafield tag="500" ind1=" " ind2=" ">
   <subfield code="a">Literaturverz. S 26 - 27</subfield>
  </datafield>
  <datafield tag="500" ind1=" " ind2=" ">
   <subfield code="a">Text des Hortus dt. und lat. auf gegenüberliegender Seite; das 2. Buch des Hortus ist nicht Teil dieser Ed</subfield>
  </datafield>
  <datafield tag="520" ind1=" " ind2=" ">
   <subfield code="a">Mit einem Lustgarten hat die Grünfläche zwischen Altem Museum, Dom und Karl-Liebknecht-Straße in Berlin, wie sie sich heute präsentiert, nur noch den Namen gemein. Dass in der zweiten Hälfte des 17. Jahrhunderts der heute als Museumsinsel bezeichnete nördliche Teil der Spreeinsel ganz von einem nach den Regeln der zeitgenössischen Kunst angelegten Schlossgarten eingenommen wurde, ist für den heutigen Berlinbesucher nur noch schwer vorstellbar. Das Ensemble der Berliner Museen bietet durch den Reichtum seiner Sammlungen und den Glanz seiner Architektur so viel Sichtbares und Sehenswertes, dass es kaum der Mühe wert scheint, an diesem Ort eine Phantasiereise in die Zeit des Großen Kurfürsten zu unternehmen. Für jeden, der diese Reise dennoch auf sich nehmen möchte, bietet der nur als Manuskript in lateinischer Sprache überkommene &quot;Hortus Berolinensis&quot; des Berliner Arztes und Botanikers Johann Sigismund Elsholtz, der hier erstmals im Druck und in Übersetzung erscheint, eine willkommene Hilfe. Ursprünglich nur als Vorwort zu einem Katalog der im Schlossgarten vorkommenden Pflanzen gedacht, erscheint die kleine Schrift heute als eine seltene und hoch interessante Quelle nicht nur für die Gestaltung des Berliner Lustgartens, sondern auch für die vielfältigen Bezüge zwischen Gartenkunst, Naturwissenschaft und kurfürstlicher Herrscherideologie, gefasst in eine ausgeprochen kultivierte lateinische Prosa, die auch an die Tradition antiker Fachschriftstellerei anzuknüpfen sucht</subfield>
  </datafield>
  <datafield tag="546" ind1=" " ind2=" ">
   <subfield code="a">Text teilw. in dt. und lat.</subfield>
  </datafield>
  <datafield tag="583" ind1="1" ind2=" ">
   <subfield code="a">Archivierung/Langzeitarchivierung gewährleistet</subfield>
   <subfield code="f">SSG</subfield>
   <subfield code="x">XA-DE-BW</subfield>
   <subfield code="2">pdager</subfield>
   <subfield code="5">DE-16</subfield>
  </datafield>
  <datafield tag="583" ind1="1" ind2=" ">
   <subfield code="a">Archivierung prüfen</subfield>
   <subfield code="c">20240324</subfield>
   <subfield code="f">DE-4165</subfield>
   <subfield code="z">3</subfield>
   <subfield code="2">pdager</subfield>
  </datafield>
  <datafield tag="650" ind1=" " ind2="0">
   <subfield code="a">Gardens</subfield>
   <subfield code="z">Germany</subfield>
   <subfield code="z">Berlin</subfield>
   <subfield code="v">Early works to 1800</subfield>
  </datafield>
  <datafield tag="650" ind1=" " ind2="0">
   <subfield code="a">Landscape gardening</subfield>
   <subfield code="z">Germany</subfield>
   <subfield code="z">Berlin</subfield>
   <subfield code="v">Early works to 1800</subfield>
  </datafield>
  <datafield tag="651" ind1=" " ind2="0">
   <subfield code="a">Lustgarten (Berlin, Germany)</subfield>
   <subfield code="v">Early works to 1800</subfield>
  </datafield>
  <datafield tag="655" ind1=" " ind2="7">
   <subfield code="a">Quelle</subfield>
   <subfield code="y">1657</subfield>
   <subfield code="0">(DE-588)4135952-5</subfield>
   <subfield code="0">(DE-627)105661236</subfield>
   <subfield code="0">(DE-576)209665084</subfield>
   <subfield code="2">gnd-content</subfield>
  </datafield>
  <datafield tag="689" ind1="0" ind2="0">
   <subfield code="d">g</subfield>
   <subfield code="0">(DE-588)4245922-9</subfield>
   <subfield code="0">(DE-627)104357568</subfield>
   <subfield code="0">(DE-576)210475404</subfield>
   <subfield code="a">Lustgarten Berlin</subfield>
   <subfield code="g">Berlin</subfield>
   <subfield code="2">gnd</subfield>
  </datafield>
  <datafield tag="689" ind1="0" ind2="1">
   <subfield code="a">z</subfield>
   <subfield code="2">gnd</subfield>
   <subfield code="a">Geschichte</subfield>
  </datafield>
  <datafield tag="689" ind1="0" ind2=" ">
   <subfield code="5">(DE-627)</subfield>
  </datafield>
  <datafield tag="700" ind1="1" ind2=" ">
   <subfield code="a">Mundt, Felix</subfield>
   <subfield code="d">1973-</subfield>
   <subfield code="0">(DE-588)136798578</subfield>
   <subfield code="0">(DE-627)58725601X</subfield>
   <subfield code="0">(DE-576)301281246</subfield>
   <subfield code="4">oth</subfield>
  </datafield>
  <datafield tag="700" ind1="1" ind2=" ">
   <subfield code="8">1\p</subfield>
   <subfield code="a">Humar, Marcel</subfield>
   <subfield code="0">(DE-588)142568805</subfield>
   <subfield code="0">(DE-627)704260182</subfield>
   <subfield code="0">(DE-576)332018393</subfield>
   <subfield code="4">oth</subfield>
  </datafield>
  <datafield tag="787" ind1="0" ind2="8">
   <subfield code="i">Rezension</subfield>
   <subfield code="a">Hinterkeuser, Guido, 1967 - </subfield>
   <subfield code="t">Schriften von Guido Hinterkeuser ; 38: [Rezension von: Johann Sigismund Elsholtz, Hortus Berolinensis - Johann Sigismund Elsholtz, Hortus Berolinensis, Der Berliner Lustgarten]</subfield>
   <subfield code="d">Heidelberg : Universitätsbibliothek Heidelberg, 2016</subfield>
   <subfield code="h">1 Online-Ressource</subfield>
   <subfield code="w">(DE-627)1549960407</subfield>
   <subfield code="w">(DE-576)479960402</subfield>
  </datafield>
  <datafield tag="830" ind1=" " ind2="0">
   <subfield code="a">Grüne Reihe</subfield>
   <subfield code="v">30</subfield>
   <subfield code="9">30</subfield>
   <subfield code="w">(DE-627)130307408</subfield>
   <subfield code="w">(DE-576)028457978</subfield>
   <subfield code="w">(DE-600)585822-7</subfield>
   <subfield code="7">ns</subfield>
  </datafield>
  <datafield tag="856" ind1="4" ind2="2">
   <subfield code="u">http://www.gbv.de/dms/weimar/toc/632832231_toc.pdf</subfield>
   <subfield code="m">V:DE-601</subfield>
   <subfield code="m">B:DE-Wim2</subfield>
   <subfield code="x">Verlag</subfield>
   <subfield code="y">Inhaltsverzeichnis</subfield>
   <subfield code="3">Inhaltsverzeichnis</subfield>
  </datafield>
  <datafield tag="856" ind1="4" ind2="2">
   <subfield code="u">http://www.wernersche.de/listen/mediacontent.php?ProductType=ISBN&amp;Group=3&amp;Publisher=88462&amp;Title=295&amp;CheckDigit=1</subfield>
   <subfield code="q">text/html</subfield>
   <subfield code="x">Verlag</subfield>
   <subfield code="3">Inhaltstext</subfield>
  </datafield>
  <datafield tag="883" ind1=" " ind2=" ">
   <subfield code="8">1</subfield>
   <subfield code="a">cgwrk</subfield>
   <subfield code="d">20241001</subfield>
   <subfield code="q">DE-101</subfield>
   <subfield code="u">https://d-nb.info/provenance/plan#cgwrk</subfield>
  </datafield>
  <datafield tag="935" ind1=" " ind2=" ">
   <subfield code="i">Blocktest</subfield>
  </datafield>
  <datafield tag="936" ind1="r" ind2="v">
   <subfield code="a">FZ 90000</subfield>
   <subfield code="b">Sonstige</subfield>
   <subfield code="k">Klassische Philologie. Byzantinistik. Mittellateinische und Neugriechische Philologie. Neulatein</subfield>
   <subfield code="k">Neulateinische Autoren</subfield>
   <subfield code="k">Autoren</subfield>
   <subfield code="k">Sonstige</subfield>
   <subfield code="0">(DE-627)1270851098</subfield>
   <subfield code="0">(DE-625)rvk/38009:</subfield>
   <subfield code="0">(DE-576)200851098</subfield>
  </datafield>
  <datafield tag="936" ind1="r" ind2="v">
   <subfield code="a">LK 16688</subfield>
   <subfield code="b">Gärten, Parkanlagen</subfield>
   <subfield code="k">Kunstgeschichte</subfield>
   <subfield code="k">Kunst nach Ländern bzw. Kontinenten</subfield>
   <subfield code="k">Deutschland</subfield>
   <subfield code="k">Kunsttopografie Deutschlands</subfield>
   <subfield code="k">Orte Deutschlands</subfield>
   <subfield code="k">Orte B</subfield>
   <subfield code="k">Berlin</subfield>
   <subfield code="k">Gärten, Parkanlagen</subfield>
   <subfield code="0">(DE-627)1271347008</subfield>
   <subfield code="0">(DE-625)rvk/97619:13319</subfield>
   <subfield code="0">(DE-576)201347008</subfield>
  </datafield>
  <datafield tag="936" ind1="b" ind2="k">
   <subfield code="a">42.45</subfield>
   <subfield code="j">Botanische Gärten</subfield>
   <subfield code="j">Herbarien</subfield>
   <subfield code="0">(DE-627)106415905</subfield>
  </datafield>
  <datafield tag="936" ind1="b" ind2="k">
   <subfield code="a">21.74</subfield>
   <subfield code="j">Landschaftsgestaltung</subfield>
   <subfield code="j">Gartenkunst</subfield>
   <subfield code="0">(DE-627)106417894</subfield>
  </datafield>
  <datafield tag="951" ind1=" " ind2=" ">
   <subfield code="a">BO</subfield>
  </datafield>
  <datafield tag="990" ind1=" " ind2=" ">
   <subfield code="a">Lustgarten Berlin</subfield>
  </datafield>
  <datafield tag="990" ind1=" " ind2=" ">
   <subfield code="a">Geschichte</subfield>
  </datafield>
  <datafield tag="991" ind1=" " ind2=" ">
   <subfield code="a">Rezensiertes Werk</subfield>
  </datafield>
  <datafield tag="999" ind1=" " ind2=" ">
   <subfield code="a">KXP-PPN632832231</subfield>
   <subfield code="e">4251593413</subfield>
  </datafield>
 </record>
</collection>
